| 000 | 00493nam a2200169 a 4500 | ||
|---|---|---|---|
| 001 | 000016914 | ||
| 005 | 20200929165001.0 | ||
| 008 | 100312s1985 dr a 000 0 spa d | ||
| 040 | _aDO-SdBNP | ||
| 082 |
_axxx _bS232l |
||
| 100 | 1 |
_aSantana, Julián _937409 |
|
| 245 | 1 | 0 |
_aLógica y geometría moderna / _cJulián Santana, Roberto Herrera. |
| 260 |
_aSanto Domingo : _bImpresos Diversos, _c1985. |
||
| 300 |
_a303 p. : _bil. ; _c22 cm. |
||
| 700 | 1 |
_aHerrera, Roberto _937410 |
|
| 049 | _aBNPD | ||
| 999 |
_c16446 _d16446 |
||